Pokémon - Les attaques de Armaldo - Statistiques

Statistiques générales
  • Ce quiz a été pris 18 fois
  • Le résultat moyen est 9 sur 13
Statistiques - réponses
Niveaux Types Noms des attaques % Correct
Niveau 12 Acier Griffe Acier
89%
Départ Eau Pistolet à O
89%
Niveau 16 Roche Pouvoir Antique
89%
Niveau 36 Roche Boule Roc
78%
Niveau 48 Insecte Plaie Croix
78%
Départ Insecte Taillade
78%
Départ Normal Armure
67%
Niveau 20 Insecte Piqûre
67%
Niveau 24 Eau Saumure
67%
Niveau 28 Normal Tranche
67%
Départ Roche Anti-Air
56%
Niveau 32 Normal Éclate Griffe
44%
Niveau 43 Normal Abri
11%
Aucun quiz correspondant
Distribution des résultats
% des personnes avec chaque résultat
Percentile par nombre de réponses
Votre historique - résultats
Vous n’avez pas pris ce quiz